Long-Term Observation of the Geological Environment Needs and Techniques. Disposal of Radioactive Waste. Proceedings of an NEA Workshop Helsinki, Finland 9-11 September 1991. OECD Documents

Na minha lista:
Detalhes bibliográficos
Formato: Livro
Idioma:inglês
francês
Publicado em: Paris OECD 1993
Edição:1. ed.
Assuntos:
Tags: Adicionar Tag
Sem tags, seja o primeiro a adicionar uma tag!

MARC

LEADER 00000nam a2200000 4500
001 c004171
005 20221214083601.9
020 |a 92-64-03970-8 
041 0 |a eng 
041 0 |a fre 
044 |a FR 
245 1 0 |a Long-Term Observation of the Geological Environment  |b Needs and Techniques. Disposal of Radioactive Waste. Proceedings of an NEA Workshop Helsinki, Finland 9-11 September 1991. OECD Documents 
250 |a 1. ed. 
264 1 |a Paris  |b OECD  |c 1993 
300 |a 214 s. 
610 2 0 |a ochrana prostredia životného 
610 2 0 |a voda 
610 2 0 |a odpad 
610 2 0 |a rádioaktivita 
610 2 0 |a likvidácia odpadu 
610 2 0 |a geológia 
610 2 0 |a Švédsko 
610 2 0 |a Fínsko 
610 2 0 |a USA 
610 2 0 |a Nemecko 
610 2 0 |a Japonsko 
610 2 0 |a NEA